| 000 | 00485nam a2200193Ia 4500 | ||
|---|---|---|---|
| 003 | GCL | ||
| 008 | 140319s9999 xx 000 0 eng d | ||
| 040 |
_aGCL / _cGCL |
||
| 082 | 0 | 4 |
_aCC _b962.05 _bM N |
| 100 | 1 | _aOKASHA,SARWAT | |
| 245 | 1 | 0 |
_aNUBIA / _cOKASHA,SARWAT |
| 260 |
_a[S.N] : _bMINISTRY OF CULTURE AND NATIONAL GUIDANC ، _c1960 |
||
| 300 | _a232 P | ||
| 650 | 0 | 4 | _aNUBIA |
| 650 | 0 | 4 | _aANCIENT EGYPT |
| 650 | 0 | 4 | _aNILE VALLEY |
| 650 | 0 | 4 | _aUPPER EGYPT |
| 942 |
_2ddc _cBK |
||
| 999 |
_c19352 _d19352 |
||